00279nam a2200121Ia 45000030006000000080041000060400015000471000017000622450031000792600018001105460012001280050017001400STCL150530s9999 xx 000 0 und d aSTCLcSTCL aSayana, V.V. aReadings in rural problems bS.Chandc1950 aEnglish20220125165525.0